Cryobiochemistry: An introduction (Record no. 26779)

MARC details
000 -LEADER
fixed length control field 00342nam a2200133Ia 4500
082 ## - DEWEY DECIMAL CLASSIFICATION NUMBER
Classification number 577.1:57.086.13
Item number DOU
100 ## - MAIN ENTRY--AUTHOR NAME
Personal name DOUZOU, Pierre
245 #0 - TITLE STATEMENT
Title Cryobiochemistry: An introduction
260 ## - PUBLICATION, DISTRIBUTION, ETC. (IMPRINT)
Place of publication New York
Name of publisher Academic
Year of publication 1977
650 ## - SUBJECT ADDED ENTRY--TOPICAL TERM
Topical Term Cryobiochemistry
650 ## - SUBJECT ADDED ENTRY--TOPICAL TERM
Topical Term Enzyme
942 ## - ADDED ENTRY ELEMENTS (KOHA)
Koha item type Books
Holdings
Withdrawn status Lost status Damaged status Not for loan Home library Current library Date acquired Full call number Accession Number Koha item type
        RRII Library RRII Library 16/12/2021 577.1:57.086.13 DOU 07411 Books